Fr. Conceicao Rodrigues College of Engineering

Industrial Robotics (Record no. 24677)

MARC details
000 -LEADER
fixed length control field 00303nam a2200145Ia 4500
082 ## - DEWEY DECIMAL CLASSIFICATION NUMBER
Classification number 629.892
Item number GEE
100 ## - MAIN ENTRY--PERSONAL NAME
Personal name Groover/Mikell P
245 ## - TITLE STATEMENT
Title Industrial Robotics
260 ## - PUBLICATION, DISTRIBUTION, ETC.
Name of publisher, distributor, etc. Mc Graw Hill
Place of publication, distribution, etc. Bombay
Date of publication, distribution, etc. 1986
300 ## - PHYSICAL DESCRIPTION
Extent 546
546 ## - LANGUAGE NOTE
Language note ENGLISH
654 ## - SUBJECT ADDED ENTRY--FACETED TOPICAL TERMS
Focus term Robotics
942 ## - ADDED ENTRY ELEMENTS (KOHA)
Koha item type BOOK
Holdings
Withdrawn status Lost status Damaged status Not for loan Collection Home library Current library Date acquired Total Checkouts Full call number Barcode Date last seen Date last checked out Price effective from Koha item type
        CRC Fr. Agnel's C.Rodrigues College of Engineering AGNEL TECHNICAL COLLEGE LIBRARY 17/03/2023 1 629.892 GEE 10119 03/02/2025 03/02/2025 17/03/2023 BOOK